000 00402nam a2200145Ia 4500
008 230917s9999||||xx |||||||||||||| ||und||
040 _e88412
_aMAIN
041 _aEnglish
082 _a301.412 R186V
100 _aRashtriya Mahila Aayog
245 0 _aVeshyavaritti mein mahilayen aur bacche: Samajjanya atyachar
260 _aNew Delhi
_bRashtriya Mahila Ayog
_c1996
300 _a68 p.
942 _cBK
999 _c81682
_d81682